Decline of the Muslim Ummah (Record no. 247882)

000 -LEADER
fixed length control field 00275 a2200121 4500
001 - CONTROL NUMBER
control field 12809
082 ## - DEWEY DECIMAL CLASSIFICATION NUMBER
Classification number 338.761 IQB
090 ## - LOCALLY ASSIGNED LC-TYPE CALL NUMBER (OCLC); LOCAL CALL NUMBER (RLIN)
-- 9788
-- 9788
100 ## - MAIN ENTRY--PERSONAL NAME
Personal name Iqbal S. Hussain
245 ## - TITLE STATEMENT
Title Decline of the Muslim Ummah
260 ## - PUBLICATION, DISTRIBUTION, ETC.
Place of publication, distribution, etc. Lahore
Name of publisher, distributor, etc. Humanity
Date of publication, distribution, etc. 2004
300 ## - PHYSICAL DESCRIPTION
Extent 468 p
942 ## - ADDED ENTRY ELEMENTS (KOHA)
Institution code [OBSOLETE] NUST-CAE
Call number prefix 338.761 IQB
Holdings
Withdrawn status Lost status Damaged status Not for loan Collection code Permanent Location Current Location Date acquired Total Checkouts Full call number Barcode Date last seen Price effective from Koha item type
          College of Aeronautical Engineering (CAE) College of Aeronautical Engineering (CAE) 04/03/2017   338.761 IQB CAEN-3400 04/05/2017 04/05/2017 Book
© 2023 Central Library, National University of Sciences and Technology. All Rights Reserved.